Statistics for Anderson Cooper Filmography

Click here to take the quiz!

General Stats

  • This quiz has been taken 6 times
    (2 since last reset)
  • The average score is 3 of 57

Answer Stats

TypeYearName% Correct
TV Show2011-2013Anderson Live
100%
Podcast2021-PresentAnderson Cooper 360°
50%
Documentary Series2003-PresentAnderson Cooper 360°
50%
Film2022Black Panther: Wakanda Forever
50%
TV Special2001-PresentCNN New Year's Eve Live
50%
Documentary Series2006-Present60 Minutes
0%
Documentary Series2013-201760 Minutes Sports
0%
Podcast2022All There Is with Anderson Cooper
0%
Documentary Series2007American Masters
0%
Documentary Series2001American Morning
0%
Documentary Series2018-2021Anderson Cooper Full Circle
0%
Film2016Batman v Superman: Dawn of Justice
0%
TV Documentary2015#BeingThirteen: Inside the Secret World of Teens
0%
Film2015CHAPPiE
0%
Film2021Christmas in Florida
0%
TV Special2008-PresentCNN Heroes
0%
TV Special2022CNN Heroes: Sharing the Spotlight 2022
0%
Documentary Series2004, 2007CNN Presents
0%
Documentary Series2003-2021CNN Special Reports
0%
TV Special2016CNN Superhero: Above and Beyond - A CNN Heroes 10th Anniversary Special
0%
TV Show2019Desus & Mero
0%
Documentary Series2014Finding Your Roots with Henry Louis Gates, Jr.
0%
TV Show2022Generation Gap
0%
Theater2011-2012How to Succeed in Business Without Really Trying
0%
TV Show2005Iron Chef America: The Series
0%
TV Show2004-2021Jeopardy!
0%
TV Documentary2003Journalists: Killed in the Line of Duty
0%
TV Show2008Kathy Griffin: My Life on the D-List
0%
TV Show2014Last Week Tonight with John Oliver
0%
TV Documentary2022Live from the Capitol - January 6 One Year Later
0%
Short Film2023MiP: The Journey Across the Universe
0%
Documentary Series2005NewsNight with Aaron Brown
0%
Web Series2022Parental Guidance with Anderson Cooper
0%
TV Documentary2007Planet in Peril
0%
TV Documentary2008Planet in Peril: Battle Lines
0%
TV Film2010Pregnancy Pact
0%
TV Documentary2014Roots: Our Journeys Home
0%
TV Show2011, 2013Saturday Night Live
0%
TV Special2014Stars and Stripes: A CNN Heroes Special
0%
Film2015The 33
0%
TV Special2015The CNN Quiz Show: Presidents Edition
0%
TV Special2016The CNN Quiz Show: Race for the White House
0%
TV Special2015The CNN Quiz Show: The '70s Edition
0%
TV Special2016The CNN Quiz Show: The '80s Edition
0%
TV Special2015The CNN Quiz Show: TV Edition
0%
TV Show2016The Eric Andre Show
0%
TV Show2001-2002, 2004The Mole
0%
TV Documentary2016The Person Who Changed My Life
0%
TV Show2019The Real Housewives of Beverly Hills
0%
TV Show2013The Simpsons
0%
TV Show2012The Soup
0%
Documentary Series2023The Whole Story with Anderson Cooper
0%
TV Show1977To Tell the Truth
0%
Documentary Mini-Series2020Visible: Out on Television
0%
TV Show2020Who Wants to Be a Millionaire
0%
Documentary Series1999-2000World News Now
0%
TV Special2017-2019Young Wonders: A CNN Heroes Special
0%

Score Distribution

Percentile by Number Answered

Percent of People with Each Score

Your Score History

You have not taken this quiz since the last reset